000 00207 a2200085 4500
020 _a9780691167534
100 _aNEIL LEVINE
245 _aTHE URBANISM OF FRANK LLOYD WRIGHT
260 _bPRINCETON UNIVERSITY PRESS
999 _c13143
_d13143